[Event "Titled Tuesday intern op 23rd Apr Late"]
[Site "Chess.com INT"]
[Date "2024.04.23"]
[Round "1"]
[White "Mendes, Aaron Reeve"]
[Black "Vujovic, Vera"]
[Result "1-0"]
[WhiteElo "2288"]
[BlackElo "2106"]
[PlyCount "111"]
[EventDate "2024.04.23"]
[EventType "swiss (blitz)"]
[EventRounds "11"]
[EventCountry "USA"]
[SourceTitle "CB18_2024"]
[SourceDate "2024.05.01"]
[SourceVersion "1"]
[SourceVersionDate "2024.05.01"]
[SourceQuality "2"]

1. e4 c6 2. Nf3 d5 3. Nc3 dxe4 4. Nxe4 Nf6 5. Nxf6+ exf6 6. d4 Bd6 7. Bd3 Nd7 8. 0-0 0-0 9. h3 Re8 10. c4 Nf8 11. b3 Qc7 12. Bb2 Be6 13. Qc2 Rad8 14. Rfe1 Ng6 15. Bf5 Bxf5 16. Qxf5 Qc8 17. Qxc8 Rxc8 18. g3 Kf8 19. Kg2 Rxe1 20. Rxe1 Re8 21. Rxe8+ Kxe8 22. a3 c5 23. d5 Ne5 24. Nd2 Nd3 25. Ne4 Bf8 26. Bc3 f5 27. Nd2 f6 28. f4 Ne1+ 29. Kf2 Nc2 30. Bb2 a6 31. Ke2 b5 32. Kd3 Ne1+ 33. Ke2 Nc2 34. Nf3 bxc4 35. bxc4 Nd4+ 36. Nxd4 cxd4 37. Kd3 Bc5 38. a4 h5 39. Bxd4 Bb4 40. c5 Be1 41. c6 Bxg3 42. Ke3 g5 43. Bxf6 Bxf4+ 44. Kf3 Bd2 45. d6 g4+ 46. hxg4 fxg4+ 47. Ke2 Ba5 48. Bh4 Bb6 49. Kd3 Ba5 50. Ke4 Bb6 51. Kf5 Ba5 52. Kg6 Bd8 53. d7+ Kf8 54. Bxd8 g3 55. Bf6 g2 56. d8R# 1-0

[Event "Titled Tuesday intern op 02nd Apr Early"]
[Site "Chess.com INT"]
[Date "2024.04.02"]
[Round "9"]
[White "Santos Flores, Alberto Javier"]
[Black "Vujovic, Vera"]
[Result "1-0"]
[WhiteElo "2183"]
[BlackElo "2106"]
[PlyCount "115"]
[EventDate "2024.04.02"]
[EventType "swiss (blitz)"]
[EventRounds "11"]
[EventCountry "USA"]
[SourceTitle "CB15_2024"]
[SourceDate "2024.04.10"]
[SourceVersion "1"]
[SourceVersionDate "2024.04.10"]
[SourceQuality "1"]

1. e4 c5 2. Nf3 d6 3. Bb5+ Bd7 4. c4 Bxb5 5. cxb5 Qd7 6. Nc3 Nf6 7. 0-0 e5 8. d3 a6 9. Bg5 Be7 10. Bxf6 Bxf6 11. Nd5 Bd8 12. a4 axb5 13. axb5 Rxa1 14. Qxa1 Qxb5 15. Qa8 Na6 16. Nd2 Qxd3 17. Qxb7 0-0 18. Nb1 Bg5 19. Nbc3 h5 20. Ra1 Nb4 21. Nxb4 cxb4 22. Qxb4 Bd2 23. Qb5 Qxb5 24. Nxb5 Rb8 25. Nxd6 Rxb2 26. g3 Rb8 27. Ra7 f6 28. Nf5 g5 29. Rg7+ Kf8 30. Rh7 Rb1+ 31. Kg2 h4 32. gxh4 gxh4 33. Rxh4 Bg5 34. Rg4 Re1 35. h4 Bf4 36. Kf3 Rh1 37. Kg2 Rh2+ 38. Kg1 Rh3 39. Kf1 Rh1+ 40. Ke2 Kf7 41. Rg7+ Kf8 42. Ra7 Kg8 43. Kf3 Rh3+ 44. Kg4 Rh2 45. Kh5 Rxf2 46. Kg6 Rg2+ 47. Kxf6 Bh2 48. h5 Bf4 49. h6 Rh2 50. Kg6 Rg2+ 51. Kf6 Rh2 52. Rg7+ Kf8 53. Rg1 Bxh6 54. Kxe5 Bd2 55. Ke6 Bc3 56. Rc1 Rh3 57. Rb1 Ba5 58. Rb8+ 1-0

[Event "Titled Tuesday intern op 02nd Apr Early"]
[Site "Chess.com INT"]
[Date "2024.04.02"]
[Round "8"]
[White "Vujovic, Vera"]
[Black "Pastar, Slaven"]
[Result "0-1"]
[WhiteElo "2106"]
[BlackElo "2363"]
[PlyCount "128"]
[EventDate "2024.04.02"]
[EventType "swiss (blitz)"]
[EventRounds "11"]
[EventCountry "USA"]
[SourceTitle "CB15_2024"]
[SourceDate "2024.04.10"]
[SourceVersion "1"]
[SourceVersionDate "2024.04.10"]
[SourceQuality "1"]

1. e4 e6 2. d4 d5 3. exd5 exd5 4. Nf3 Nf6 5. Bd3 Bd6 6. 0-0 0-0 7. Bg5 Bg4 8. Nbd2 Bh5 9. c3 Nbd7 10. Qc2 Bg6 11. Rfe1 Re8 12. Rxe8+ Qxe8 13. Re1 Qf8 14. Ne5 Re8 15. f4 c6 16. h3 Bxd3 17. Qxd3 h6 18. Bh4 Bc7 19. Ndf3 Qd6 20. Nxd7 Rxe1+ 21. Bxe1 Qxd7 22. Ne5 Qe6 23. Qf3 Qf5 24. Qd3 Qxf4 25. Bd2 Qe4 26. Qxe4 Nxe4 27. Bf4 g5 28. Bh2 Kg7 29. Kh1 Nf2+ 30. Kg1 Nd1 31. Nd3 Bxh2+ 32. Kxh2 Ne3 33. g4 Nc4 34. b3 Nd6 35. Nc5 b6 36. Nd7 f6 37. Kg3 Kf7 38. Nb8 Ne4+ 39. Kf3 Nxc3 40. Nxc6 Nxa2 41. Nxa7 Nc1 42. b4 Nd3 43. b5 Nb2 44. Nc8 Nc4 45. Ke2 Ke6 46. Na7 f5 47. Nc6 fxg4 48. hxg4 Kd6 49. Kd3 Na3 50. Na7 Ke6 51. Kc3 Nc4 52. Kd3 Kd6 53. Kc3 Ne3 54. Nc6 Nxg4 55. Nd8 Nf6 56. Nf7+ Ke7 57. Nxh6 Ne4+ 58. Kd3 Nf6 59. Nf5+ Ke6 60. Ne3 Kd6 61. Ng2 Ne4 62. Ne3 Ke6 63. Ng4 Nd6 64. Ne3 Nxb5 0-1

[Event "Titled Tuesday intern op 02nd Apr Early"]
[Site "Chess.com INT"]
[Date "2024.04.02"]
[Round "3"]
[White "Vujovic, Vera"]
[Black "Tan, Ralph"]
[Result "1/2-1/2"]
[WhiteElo "2106"]
[BlackElo "2004"]
[PlyCount "111"]
[EventDate "2024.04.02"]
[EventType "swiss (blitz)"]
[EventRounds "11"]
[EventCountry "USA"]
[SourceTitle "CB15_2024"]
[SourceDate "2024.04.10"]
[SourceVersion "1"]
[SourceVersionDate "2024.04.10"]
[SourceQuality "1"]

1. e4 c6 2. c4 d5 3. cxd5 cxd5 4. exd5 Nf6 5. Nc3 g6 6. Bb5+ Bd7 7. Qa4 Bg7 8. Nf3 0-0 9. 0-0 a6 10. Bxd7 Nbxd7 11. Qb3 Nc5 12. Qc4 Rc8 13. b4 Nce4 14. Qd3 Nxc3 15. dxc3 Qxd5 16. Rd1 Qxd3 17. Rxd3 Ne4 18. Bb2 Nxc3 19. Bxc3 Bxc3 20. Rb1 Rfd8 21. Re3 Bf6 22. g4 h6 23. h4 e6 24. b5 a5 25. Re4 Rc2 26. a4 Rd3 27. Rf4 Bg7 28. Ne1 e5 29. Nxd3 exf4 30. Nxf4 Bd4 31. Nd3 Rd2 32. Rb3 Ra2 33. b6 Rxa4 34. Rb5 Ra3 35. Nf4 Ra2 36. Nd3 Rd2 37. Ne5 Bxe5 38. Rxe5 a4 39. Ra5 Rd4 40. Ra7 Rb4 41. Rxb7 a3 42. Rb8+ Kg7 43. Ra8 Rxb6 44. Rxa3 Rb4 45. f3 Rb2 46. Re3 Kf6 47. Rd3 h5 48. Rd6+ Ke5 49. Rd7 f6 50. Rg7 hxg4 51. fxg4 Kf4 52. Rxg6 Kg3 53. Kf1 Kxh4 54. Rxf6 Kxg4 55. Rf2 Rxf2+ 56. Kxf2 1/2-1/2

[Event "Swiss Queens Wed #3"]
[Site "FIDE Online Arena INT"]
[Date "2024.02.14"]
[Round "10"]
[White "Travkina, Anastasia"]
[Black "Vujovic, Vera"]
[Result "0-1"]
[WhiteElo "2202"]
[BlackElo "2123"]
[PlyCount "78"]
[EventDate "2024.02.14"]
[EventType "swiss (blitz)"]
[EventRounds "11"]
[EventCountry "NET"]
[SourceTitle "CB08_2024"]
[SourceDate "2024.02.21"]
[SourceVersion "1"]
[SourceVersionDate "2024.02.21"]
[SourceQuality "1"]

1. e4 e5 2. Nf3 Nc6 3. Bc4 Bc5 4. b4 Bxb4 5. c3 Ba5 6. d4 exd4 7. 0-0 Nf6 8. e5 d5 9. exf6 dxc4 10. fxg7 Rg8 11. Re1+ Be6 12. Bg5 Qd5 13. Qa4 Rxg7 14. Re5 Qd7 15. Rxa5 Nxa5 16. Qxa5 b6 17. Qe5 dxc3 18. Nxc3 f5 19. Re1 Kf7 20. Qf6+ Kg8 21. Rxe6 Rg6 22. Qxg6+ hxg6 23. Rxg6+ Kh7 24. Rh6+ Kg7 25. h4 Qd3 26. Nb5 Qb1+ 27. Kh2 Qxb5 28. h5 Rh8 29. Rg6+ Kf7 30. Rf6+ Ke8 31. h6 c3 32. Re6+ Kd7 33. Re7+ Kc8 34. h7 c2 35. Ne5 Kb7 36. Ng6 Rxh7+ 37. Rxh7 Qe2 38. Ne7 Qg4 39. Bc1 Qd1 0-1

[Event "Titled Tuesday intern op 13th Feb Early"]
[Site "Chess.com INT"]
[Date "2024.02.13"]
[Round "6"]
[White "Blanco Diez, David"]
[Black "Vujovic, Vera"]
[Result "1-0"]
[WhiteElo "2308"]
[BlackElo "2123"]
[PlyCount "43"]
[EventDate "2024.02.13"]
[EventType "swiss (blitz)"]
[EventRounds "11"]
[EventCountry "USA"]
[SourceTitle "CB08_2024"]
[SourceDate "2024.02.21"]
[SourceVersion "1"]
[SourceVersionDate "2024.02.21"]
[SourceQuality "1"]

1. e4 c6 2. d4 d5 3. exd5 cxd5 4. c3 Nc6 5. Nf3 Nf6 6. h3 Bf5 7. Bd3 Bg6 8. Bf4 e6 9. 0-0 Bd6 10. Bxd6 Qxd6 11. Re1 0-0 12. Bxg6 hxg6 13. a4 Ne4 14. Nbd2 f5 15. Nb3 g5 16. Nh2 Nxf2 17. Kxf2 Qxh2 18. Rxe6 g4 19. Qd3 Rae8 20. Rae1 Rxe6 21. Rxe6 f4 22. Ke1 1-0

[Event "Titled Tuesday intern op 13th Feb Early"]
[Site "Chess.com INT"]
[Date "2024.02.13"]
[Round "4"]
[White "Ozates, Tuna"]
[Black "Vujovic, Vera"]
[Result "1-0"]
[WhiteElo "2290"]
[BlackElo "2123"]
[PlyCount "87"]
[EventDate "2024.02.13"]
[EventType "swiss (blitz)"]
[EventRounds "11"]
[EventCountry "USA"]
[SourceTitle "CB08_2024"]
[SourceDate "2024.02.21"]
[SourceVersion "1"]
[SourceVersionDate "2024.02.21"]
[SourceQuality "1"]

1. e4 c6 2. c4 d5 3. exd5 cxd5 4. d4 Nc6 5. Nc3 Nf6 6. Bg5 e6 7. c5 h6 8. Bh4 Be7 9. Bb5 0-0 10. Nf3 Ne4 11. Bxe7 Nxe7 12. 0-0 f5 13. Ne5 Nxc3 14. bxc3 Qa5 15. Qb3 a6 16. Bd7 Bxd7 17. Nxd7 Rfd8 18. Nb6 Rab8 19. Rfe1 Kf7 20. Re3 Nc6 21. Rae1 Re8 22. Nd7 Rbc8 23. g4 f4 24. Rf3 g5 25. h4 Rc7 26. Ne5+ Nxe5 27. Rxe5 Rg8 28. hxg5 hxg5 29. Rh3 Rg7 30. Rh6 Re7 31. Rexe6 Rxe6 32. Qxd5 Rgg6 33. Rxg6 Kxg6 34. Qxe6+ Kg7 35. Qe5+ Kg6 36. Qf5+ Kh6 37. Qf6+ Kh7 38. Qf7+ Kh6 39. Qh5+ Kg7 40. Qxg5+ Kf7 41. Qxf4+ Ke6 42. Qe5+ Kf7 43. Qd5+ Kg6 44. Qxb7 1-0

[Event "Titled Tuesday intern op 13th Feb Early"]
[Site "Chess.com INT"]
[Date "2024.02.13"]
[Round "7"]
[White "Vujovic, Vera"]
[Black "Manon Og, Ramon Jr"]
[Result "1-0"]
[WhiteElo "2123"]
[BlackElo "1950"]
[PlyCount "77"]
[EventDate "2024.02.13"]
[EventType "swiss (blitz)"]
[EventRounds "11"]
[EventCountry "USA"]
[SourceTitle "CB08_2024"]
[SourceDate "2024.02.21"]
[SourceVersion "1"]
[SourceVersionDate "2024.02.21"]
[SourceQuality "1"]

1. d4 Nf6 2. c4 g6 3. Nc3 d5 4. Nf3 Bg7 5. Bg5 Ne4 6. cxd5 Nxg5 7. Nxg5 e6 8. Nf3 exd5 9. e3 0-0 10. Bd3 c5 11. 0-0 cxd4 12. exd4 Nc6 13. Re1 Nxd4 14. Nxd4 Bxd4 15. Bxg6 Bxf2+ 16. Kxf2 Qb6+ 17. Kg3 Qd6+ 18. Kf2 Qc5+ 19. Kg3 Qd6+ 20. Kf2 Qb6+ 21. Kg3 hxg6 22. Nxd5 Qxb2 23. Rb1 Qa3+ 24. Rb3 Qd6+ 25. Kf2 Qc5+ 26. Rbe3 Be6 27. Nf6+ Kg7 28. Ne4 Qe5 29. Ng3 Qc5 30. Qa1+ Kg8 31. Ne4 Qb5 32. Nf6+ Kg7 33. Ne8+ Kh6 34. Qg7+ Kg5 35. Re5+ Qxe5 36. Rxe5+ Bf5 37. h4+ Kg4 38. Nf6+ Kxh4 39. Qh6# 1-0

[Event "Swiss Queens Wed #1"]
[Site "FIDE Online Arena INT"]
[Date "2024.01.31"]
[Round "2"]
[White "Bauyrzhan, Arnash"]
[Black "Vujovic, Vera"]
[Result "0-1"]
[WhiteElo "2029"]
[BlackElo "2123"]
[PlyCount "90"]
[EventDate "2024.01.31"]
[EventType "swiss (blitz)"]
[EventRounds "11"]
[EventCountry "NET"]
[SourceTitle "CB06_2024"]
[SourceDate "2024.02.07"]
[SourceVersion "1"]
[SourceVersionDate "2024.02.07"]
[SourceQuality "1"]

1. e4 e5 2. Nf3 Nc6 3. d4 exd4 4. Bc4 Bc5 5. c3 Nf6 6. e5 d5 7. Bb5 Ne4 8. cxd4 Bb6 9. 0-0 0-0 10. Be3 Bg4 11. Nc3 a6 12. Be2 Qd7 13. h3 Bf5 14. Nh4 Be6 15. Bf3 Nxc3 16. bxc3 Na5 17. Be2 Rac8 18. f4 g6 19. Bd3 Nc4 20. Bxc4 dxc4 21. Qf3 Bd5 22. Qg3 Kh8 23. f5 Rg8 24. f6 Be4 25. Bh6 Rge8 26. Bg7+ Kg8 27. Qg5 c5 28. Rad1 cxd4 29. cxd4 Bxd4+ 30. Rxd4 Qxd4+ 31. Kh1 Qxe5 32. Qh6 Qh5 33. Qf4 Bd3 34. Rc1 Re4 35. Qd6 Rce8 36. Nf3 Re3 37. Rg1 Be2 38. Nd4 Rxh3+ 39. gxh3 Qxh3+ 40. Qh2 Bf3+ 41. Nxf3 Qxf3+ 42. Qg2 Qh5+ 43. Qh2 Qd5+ 44. Qg2 Re4 45. Bh6 Rh4# 0-1

[Event "Swiss Queens Wed #1"]
[Site "FIDE Online Arena INT"]
[Date "2024.01.31"]
[Round "4"]
[White "Shanmathi Sree, S."]
[Black "Vujovic, Vera"]
[Result "0-1"]
[WhiteElo "1527"]
[BlackElo "2123"]
[PlyCount "108"]
[EventDate "2024.01.31"]
[EventType "swiss (blitz)"]
[EventRounds "11"]
[EventCountry "NET"]
[SourceTitle "CB06_2024"]
[SourceDate "2024.02.07"]
[SourceVersion "1"]
[SourceVersionDate "2024.02.07"]
[SourceQuality "1"]

1. e4 e5 2. Nf3 Nc6 3. Bc4 Bc5 4. c3 Nf6 5. d3 d6 6. Bb3 a6 7. Nbd2 Ba7 8. Qe2 0-0 9. 0-0 Ne7 10. h3 Ng6 11. Bc2 Nf4 12. Qd1 N6h5 13. Re1 Bxh3 14. gxh3 Nxh3+ 15. Kf1 Nxf2 16. Qe2 Ng3+ 17. Kg2 Nxe2 18. Rxe2 Ng4 19. Nf1 Qf6 20. Ng3 h6 21. Bd2 Qg6 22. Nh4 Qf6 23. Nhf5 Bf2 24. Rf1 Kh7 25. Rexf2 Nxf2 26. Rxf2 Qe6 27. Bb3 Qd7 28. Nxh6 gxh6 29. Rf6 Qg4 30. Rxh6+ Kg7 31. Rh3 Rh8 32. Rxh8 Rxh8 33. d4 Rh3 34. Be1 exd4 35. cxd4 Rxg3+ 36. Bxg3 Qxe4+ 37. Kh3 Qxd4 38. a3 Qxb2 39. Bd1 Qxa3 40. Bg4 b5 41. Kh4 b4 42. Bf4 b3 43. Kg5 Qc5+ 44. Bf5 f6+ 45. Kg4 b2 46. Bb1 Qg1+ 47. Kf5 Qxb1+ 48. Ke6 Qe4+ 49. Kd7 Qxf4 50. Kc8 b1Q 51. Kd8 Qff5 52. Ke8 Qb8+ 53. Ke7 Qe5+ 54. Kd7 Qee8# 0-1

[Event "Swiss Queens Wed #1"]
[Site "FIDE Online Arena INT"]
[Date "2024.01.31"]
[Round "9"]
[White "Vujovic, Vera"]
[Black "Hrebenshchykova, Yelyzaveta"]
[Result "1-0"]
[WhiteElo "2123"]
[BlackElo "2275"]
[PlyCount "77"]
[EventDate "2024.01.31"]
[EventType "swiss (blitz)"]
[EventRounds "11"]
[EventCountry "NET"]
[SourceTitle "CB06_2024"]
[SourceDate "2024.02.07"]
[SourceVersion "1"]
[SourceVersionDate "2024.02.07"]
[SourceQuality "1"]

1. e4 e5 2. Nf3 Nc6 3. d4 exd4 4. Bc4 Nf6 5. e5 d5 6. Bb5 Ne4 7. Nxd4 Bd7 8. Nxc6 bxc6 9. Bd3 Nc5 10. Be2 Be7 11. 0-0 0-0 12. Be3 Bf5 13. Bg4 Qd7 14. Bf3 Ne6 15. c3 a5 16. Nd2 Rab8 17. b3 c5 18. Re1 Rfd8 19. Bg4 Bxg4 20. Qxg4 d4 21. cxd4 cxd4 22. Bh6 Kh8 23. Bf4 Bb4 24. Rad1 a4 25. Re4 Qc6 26. Bg3 Bxd2 27. Rxd2 axb3 28. axb3 Rxb3 29. h3 Rb1+ 30. Kh2 Qc1 31. Bf4 Qg1+ 32. Kg3 Rb3+ 33. f3 g6 34. Bg5 Re8 35. Bf6+ Kg8 36. Qh4 Re3 37. Rxe3 Qe1+ 38. Rxe1 c5 39. Rde2 1-0

[Event "Titled Tuesday intern op 16th Jan Early"]
[Site "Chess.com INT"]
[Date "2024.01.16"]
[Round "11"]
[White "Dyulgerov, Volen"]
[Black "Vujovic, Vera"]
[Result "0-1"]
[WhiteElo "2200"]
[BlackElo "2123"]
[PlyCount "73"]
[EventDate "2024.01.16"]
[EventType "swiss (blitz)"]
[EventRounds "11"]
[EventCountry "USA"]
[SourceTitle "CB04_2024"]
[SourceDate "2023.10.16"]
[SourceVersion "1"]
[SourceVersionDate "2023.10.16"]
[SourceQuality "1"]

1. e4 e5 2. d4 exd4 3. c3 Nf6 4. e5 Qe7 5. Nf3 d6 6. cxd4 Nbd7 7. Bb5 c6 8. 0-0 dxe5 9. dxe5 Nd5 10. Bg5 Qe6 11. Nd4 Qg6 12. e6 fxe6 13. Bd3 Qxg5 14. Nxe6 Qe7 15. Re1 Kf7 16. Qh5+ g6 17. Bxg6+ Kg8 18. Nc3 N7f6 19. Nxd5 cxd5 20. Qf5 Bxe6 21. Rxe6 hxg6 22. Qxg6+ Qg7 23. Rxf6 Qxg6 24. Rxg6+ Kf7 25. Rg3 Bd6 26. Rd3 Bxh2+ 27. Kf1 Bc7 28. Rf3+ Ke7 29. Re1+ Kd6 30. Rf6+ Kd7 31. Rf7+ Kc6 32. Rf6+ Kb5 33. Rf7 Rh1+ 34. Ke2 Re8+ 35. Kd2 Ba5+ 36. b4 Bxb4+ 37. Kc2 0-1

[Event "SRB-chT (Women) Div1"]
[Site "Senta"]
[Date "2023.10.12"]
[Round "3.1"]
[White "Abdulla, Khayala Mardan Qizi"]
[Black "Vujovic, Vera"]
[Result "1-0"]
[WhiteElo "2233"]
[BlackElo "1944"]
[PlyCount "73"]
[EventDate "2023.10.10"]
[EventType "team-tourn"]
[EventRounds "11"]
[EventCountry "SRB"]
[SourceTitle "Mega2024 Update 01"]
[Source "Chessbase"]
[SourceDate "2023.11.12"]
[SourceVersion "1"]
[SourceVersionDate "2023.11.12"]
[SourceQuality "1"]
[WhiteTeam "Goracici Jelica (W)"]
[BlackTeam "Belgrade Vidikovac (W)"]
[WhiteTeamCountry "SRB"]
[BlackTeamCountry "SRB"]

1. e4 e5 2. Nf3 Nc6 3. Bb5 a6 4. Ba4 Nf6 5. d3 b5 6. Bb3 Bc5 7. 0-0 h6 8. a4 Bb7 9. axb5 axb5 10. Rxa8 Bxa8 11. Nc3 b4 12. Nd5 d6 13. Be3 Nxd5 14. exd5 Nd4 15. Bxd4 exd4 16. Re1+ Kf8 17. Ba4 Bxd5 18. Re8+ Qxe8 19. Bxe8 Kxe8 20. Nd2 Be6 21. Qa1 Bd5 22. Nb3 Kd7 23. Qa4+ Bc6 24. Qa2 Ra8 25. Nxc5+ Ke7 26. Na6 Bb7 27. Qa5 Rxa6 28. Qxc7+ Ke6 29. f4 Ra1+ 30. Kf2 Bd5 31. f5+ Ke5 32. g4 Ba2 33. Qe7+ Kf4 34. Qe4+ Kg5 35. Qxd4 g6 36. Kg3 h5 37. h4+ 1-0

[Event "SRB-chT (Women) Div1"]
[Site "Senta"]
[Date "2023.10.10"]
[Round "1.1"]
[White "Danielian, Elina"]
[Black "Vujovic, Vera"]
[Result "1-0"]
[WhiteElo "2416"]
[BlackElo "1944"]
[PlyCount "96"]
[EventDate "2023.10.10"]
[EventType "team-tourn"]
[EventRounds "11"]
[EventCountry "SRB"]
[SourceTitle "Mega2024 Update 01"]
[Source "Chessbase"]
[SourceDate "2023.11.12"]
[SourceVersion "1"]
[SourceVersionDate "2023.11.12"]
[SourceQuality "1"]
[WhiteTeam "Belgrade Crvena Zvezda (W)"]
[BlackTeam "Belgrade Vidikovac (W)"]
[WhiteTeamCountry "SRB"]
[BlackTeamCountry "SRB"]

1. d4 d5 2. Nf3 Nf6 3. c4 dxc4 4. e3 e6 5. Bxc4 c5 6. 0-0 a6 7. dxc5 Qxd1 8. Rxd1 Bxc5 9. Nbd2 Nbd7 10. Be2 b6 11. Nc4 Ke7 12. b3 Bb7 13. Ne1 Bd5 14. Bb2 b5 15. Nd2 Rhc8 16. Nd3 Bd6 17. f3 Nc5 18. Rac1 Nxd3 19. Bxd3 e5 20. Kf2 Be6 21. g4 h6 22. h4 Rxc1 23. Rxc1 Rc8 24. g5 Nd5 25. Rxc8 Bxc8 26. Ne4 Nb4 27. Bb1 Bf5 28. a3 Nc6 29. Ke2 hxg5 30. hxg5 f6 31. Bd3 fxg5 32. Nxg5 Bxd3+ 33. Kxd3 Na5 34. Kc2 Bc7 35. Ne4 Nc6 36. Nc5 a5 37. Kd3 Bb6 38. Ne4 g6 39. Nc3 Ke6 40. Nxb5 Ne7 41. Nc3 Nf5 42. Bc1 Nd6 43. Ne4 Nf5 44. a4 Nh4 45. Nd2 g5 46. Nc4 Bc7 47. Ke4 Nf5 48. Bd2 Ng3+ 1-0